000 nam a22 a 4500
999 _c761
_d761
003 AKMAL
005 20170505093325.0
008 170505s19991998my | e | 000 0 eng d
020 _a9839214810
_qpaperback
_cRM14.90
039 9 _a201605061030
_bVLOAD
_c201604260905
_dVLOAD
_c201403210917
_dnorizan
_c201303071154
_dfadzli
040 _aAKMAL
_beng
_cAKMAL
049 0 0 _aklpmal
082 0 4 _a248.4 TIM
_221
090 0 0 _a248.4
_bTIM
090 2 0 _a248.4
_bTIM
100 1 _aTimberlake, Lewis R.,
_eauthor.
_91651
245 1 0 _aIt's Always Too Soon to Quit /
_cLewis R. Timberlake foreword by Zig Ziglar
250 _aUpdated Edition
264 1 _aPetaling Jaya, Selangor :
_bAdvantage Quest Publications,
_c1999
264 4 _c©1998
300 _a207 pages ;
_c22 cm
336 _atext
_2rdacontent
337 _aunmediated
_2rdamedia
338 _avolume
_2rdacarrier
504 _aBibliography: page 207
650 0 _aSuccess
_92
650 0 _aSuccess
_xReligious aspects
_xChristianity
_91652
700 1 _aZiglar, Zig
_91448
942 _2ddc
_cBOOK